| 000 | 00764nam a2200241Ia 4500 | ||
|---|---|---|---|
| 005 | 20260704175958.0 | ||
| 008 | 260704s9999||||xx |||||||||||||| ||und|| | ||
| 020 |
_a9781846045707 _qpbk |
||
| 082 |
_a616.079 _bCHO |
||
| 100 | _aChopra, Deepak | ||
| 245 | 4 | _aThe healing self : supercharge your immune system and stay well for life | |
| 260 |
_aLondon _bRider/Penguin Random House _c2017 |
||
| 300 | _a290p. ; 23cm. | ||
| 653 | _aHealth promotion | ||
| 653 | _aIntegrative medicine--Popular works | ||
| 653 | _aLifestyle and health | ||
| 653 | _aMind and body therapies--Popular works | ||
| 653 | _aMind and body therapies--Popular works | ||
| 653 | _aSelf-care, Health | ||
| 653 | _aStress management | ||
| 700 | _aTanzi, Rudolph E. | ||
| 942 | _cBK | ||
| 999 |
_c57398 _d57398 |
||